000 00960nam a22002657a 4500
999 _c15152
_d15152
003 MIRAKIL
005 20230215145846.0
008 230215b tu ||||| |||| 00| 0 tur d
020 _a9786053995388
040 _aTR-AnCHP
_cTR-AnCHP
041 _atur
082 _a305.809655
_bB68b 2018
100 _aBourdie, Pierre
245 _aBir pratik teorisi için taslak :
_bKabiliye üzerine üç etnoloji çalışması /
_cPierre Bourdieu ; çeviren Nazlı Ökten
246 _aKabiliye üzerine üç etnoloji çalışması
260 _aİstanbul :
_bİstanbul Bilgi Üniversitesi,
_c2018.
300 _axi, 258 s.
_c23 sm.
490 0 _aİstanbul Bilgi Üniversitesi yayınları ;
_aKavramlar ve pratikler ;
_v648.
_v11.
504 _aDizin vardır.
504 _aBibliyografik bilgi içerir.
650 0 _97320
_aEtnoloji
700 _97319
_aÖkten, Nazlı
_eçev.
740 _aKabiliye üzerine üç etnoloji çalışması
942 _2ddc
_cBKS